000 00255nam a2200097Ia 4500
001 1227310
005 20250827093020.0
008 250824s9999 xx 000 0 und d
245 0 _aZAMANIN GÖLGESİ:ADEM İLE HAVVA
_cMERT ÖZ
260 _bDESTEK YAYINLARI
999 _c1227310
_d1227310